| 000 | 00760nam a2200217 a 4500 | ||
|---|---|---|---|
| 005 | 20210223125336.0 | ||
| 008 | 040324s2000 es r 000 0 spa d | ||
| 020 | _a8449309832 | ||
| 035 | _aUPN01000132784 | ||
| 049 | _aCG | ||
| 050 | 4 |
_aPN1998.3 S3 _bS2.4 |
|
| 100 | 1 |
_aScorsese, Martin, _d1942- _941669 |
|
| 245 | 1 | 0 |
_aMis placeres de cinéfilo : _btexto, entrevistas, filmografía / _cMartin Scorsese ; tr. de Josep Torrell. |
| 260 |
_aBarcelona, Esp. _bPaidós, _c2000. |
||
| 300 | _a170 p. | ||
| 440 | 3 |
_aLa memoria del cine ; _v7 |
|
| 534 |
_pTraducción de: _tMes plaisirs de cinéphile |
||
| 600 | 1 | 4 |
_aSCORSESE, MARTIN, _d1942- - _vENTREVISTAS _926700 |
| 650 | 4 |
_aPRODUCTORES Y DIRECTORES CINEMATOGRAFICOS - _zESTADOS UNIDOS _922310 |
|
| 905 | _aLibro | ||
| 999 |
_c104938 _d104938 |
||